| 000 | 00612nam a22001337a 4500 | ||
|---|---|---|---|
| 040 | _cRUA | ||
| 082 | _aAVM SON 2012 B103 Or.6 | ||
| 100 | _aSON, NANSIM. | ||
| 245 | _asurvey on canin diseases at chhouk tep animal clinic in phnom penh (អង្កេតលើជំងឺដែលជួបប្រទះលើសុនខ នៅគ្លីនិកព្យាបាលសត្វ រាជធានីភ្នំពេញ) | ||
| 260 |
_aPhnom Penh _bRUA _c2012 |
||
| 300 |
_ax, 41p. _bill. _c29cm. |
||
| 856 | _uhttps://drive.google.com/file/d/1hIta1fCHYiDXunx2UTwSEx8JU7oekaaM/view?usp=sharing | ||
| 942 | _cAVM | ||
| 999 |
_c2754 _d2754 |
||